[Event "KEN-chT"]
[Site "Nairobi"]
[Date "2019.02.09"]
[Round "1.1"]
[White "Onkendi, Obadiah"]
[Black "Kirega, Titus Mwangi"]
[Result "0-1"]
[WhiteElo "1475"]
[BlackElo "1592"]
[PlyCount "68"]
[EventDate "2019.02.09"]
[EventType "team-tourn"]
[EventRounds "27"]
[EventCountry "KEN"]
[SourceTitle "CBM 192 Extra"]
[Source "Chessbase"]
[SourceDate "2019.11.06"]
[SourceVersion "1"]
[SourceVersionDate "2019.11.06"]
[SourceQuality "1"]
[WhiteTeam "Mombasa CC"]
[BlackTeam "Prox Chess House"]
[WhiteTeamCountry "KEN"]
[BlackTeamCountry "KEN"]

1. d4 d5 2. Nf3 e6 3. c4 c6 4. Nc3 f5 5. Bg5 Nf6 6. e3 Bd6 7. c5 Bc7 8. g3 Nbd7 9. Bg2 0-0 10. 0-0 Qe8 11. Bf4 e5 12. Nxe5 Nxe5 13. Bxe5 Bxe5 14. dxe5 Qxe5 15. Qd4 Qe7 16. Rfe1 Ne4 17. b4 a6 18. Rad1 Be6 19. a3 Rae8 20. f3 Nf6 21. e4 fxe4 22. fxe4 dxe4 23. Nxe4 Nxe4 24. Bxe4 Qg5 25. Bg2 Rd8 26. Qb2 Rxd1 27. Rxd1 Qe3+ 28. Kh1 Rf2 29. Qa1 Rxg2 30. Kxg2 Qe2+ 31. Kh1 Bh3 32. Rd8+ Kf7 33. Rd7+ Bxd7 34. Kg1 Bh3 0-1